Tesori dal Cremlino. L'art e e la storia (Record n. 77012)
[ formato base ]
| 000 -LEADER | |
|---|---|
| fixed length control field | 01607nam a2200277Ia 4500 |
| 001 - CONTROL NUMBER | |
| control field | K0704 |
| 003 - CONTROL NUMBER IDENTIFIER | |
| control field | IT-RoPAU |
| 008 - FIXED-LENGTH DATA ELEMENTS--GENERAL INFORMATION | |
| fixed length control field | 130308s9999 xx 000 0 und d |
| 040 ## - CATALOGING SOURCE | |
| Original cataloging agency | IT-RoPAU |
| 040 ## - CATALOGING SOURCE | |
| Transcribing agency | IT-RoPAU |
| 041 ## - LANGUAGE CODE | |
| Language code of text/sound track or separate title | ITALIANO |
| 100 ## - MAIN ENTRY--PERSONAL NAME | |
| Personal name | AA.VV. |
| 100 ## - MAIN ENTRY--PERSONAL NAME | |
| Miscellaneous information | Codice Aut. SPICS: 12000 |
| 245 ## - TITLE STATEMENT | |
| Title | Tesori dal Cremlino. L'art e e la storia |
| 245 ## - TITLE STATEMENT | |
| Remainder of title | Tesori dal Cremlino. L'Arte e la storia |
| 250 ## - EDITION STATEMENT | |
| Edition statement | 1a ed. |
| 260 ## - PUBLICATION, DISTRIBUTION, ETC. (IMPRINT) | |
| Name of publisher, distributor, etc. | s.e. (senza Editrice o non identificata) |
| 260 ## - PUBLICATION, DISTRIBUTION, ETC. (IMPRINT) | |
| Date of publication, distribution, etc. | 1993 [1° Ed.:1993 - Ed.Ling.Originale:1993] |
| 300 ## - PHYSICAL DESCRIPTION | |
| Extent | "280 p. (prefazione: no ; testo: 280 [pagine: 0-0])" |
| 500 ## - GENERAL NOTE | |
| General note | Catalogo della mostra Tenutasi a castello di torre Canavese. Prefazione di F. Salleo, I.A. Rodimtseva, M. Datrino, I.A. Zagorodnjaja. Regalie di Stato nella Russia dei secoli XVI Xvii. Gioielli dei secoli XI XIII Provenienti dal tesoro Rinvenuto nel Cremlino di Mosca di T.D. Avdusina e T.D. Panova. Ori e Argenti russi dal XVI all'inizio del Xx Secolo di I.D. Kostina. legami internazionali Argenti Artistici dell'Europa Occidentale dal XVI al XVIII Secolo di G.A. Markova. cerimoniale militare Arte degli Armaioli russi dal XVI al XVIII Secolo di I.A. Komarov e O.I. Mironova. presentazione di 106 Opere del Catalogo + 10 tavole a Colori nel testo . |
| 650 ## - SUBJECT ADDED ENTRY--TOPICAL TERM | |
| Topical term or geographic name as entry element | STORIA DELLE ARTI VISIVE |
| 650 ## - SUBJECT ADDED ENTRY--TOPICAL TERM | |
| Relator term | Codice materia Spics: 5008 |
| 942 ## - ADDED ENTRY ELEMENTS (KOHA) | |
| Koha item type | LIBRO |
| 957 ## - | |
| -- | 1 |
| 999 ## - SYSTEM CONTROL NUMBERS (KOHA) | |
| -- | 1 |
| Withdrawn status | Lost status | Damaged status | Not for loan | Home library | Current library | Date acquired | Total Checkouts | Full call number | Date last seen | Price effective from | Koha item type | Public note |
|---|---|---|---|---|---|---|---|---|---|---|---|---|
| Buone Condizioni | Not For Loan | SPICS-MEDIATECA | SPICS-MEDIATECA | 08/03/2013 | K0704 | 08/03/2013 | 08/03/2013 | LIBRO | Progressivo inserimento: 22010 / N. Volumi: 1 Copie: 1 / data import: 1 marzo 2013 - By Epidotti, Trombetti, Vaglietti. |